000 00214nam a22000857a 4500
008 161202b xxu||||| |||| 00| 0 eng d
100 _91787
_aVerma.S.etal
245 _aMathematics-VIII
260 _aNew delhi
_bPrachi
_c2010
999 _c4495
_d4495